00664nam a22001697a 4500003000900000005001700009008003800026020001900064040002500083100002700108245006300135246013200198260003900330300003700369500006000406504002800466DO-SdBNP20210617135501.0210617b 2018 dr ac 00| 0 eng d a9789945803013  aDO-SdBNPbspacBNPHU1 aBelliard, Rosa María10aEducación cívica y ciudadana /cMaría Rosa Belliard. aEducación cívica y ciudadana : bguía para recuperar los valores sociales y humanos y fortalecer las normas de civilidad. aSanto Domingo :bCorripio, c2018. a226 p. :bil., retrs, ,c23 cm.  aIncluye datos biográficos de la autora en las solapas aBibliografía : p. 226